| 000 | 00756nam a2200265 a 4500 | ||
|---|---|---|---|
| 001 | 000108295 | ||
| 003 | CHAP | ||
| 005 | 20220329144006.0 | ||
| 008 | 140123s2012 flua |r| |||1|||eng|d | ||
| 010 | _a104757 | ||
| 011 | _a105729 | ||
| 020 | _a9780415621106 | ||
| 040 | _cCHAP | ||
| 082 | 0 | 4 |
_a621.31244 _bR31 |
| 100 | 1 |
_aReddy, Jayarama P. _9125218 |
|
| 245 | 1 | 0 |
_aSolar power generation : _bTechnology, new concepts & policy / _cpor P. Jayarama Reddy. |
| 260 | 3 |
_aBoca Raton Fl. : _bCRC Press, _c2012. |
|
| 300 | _axii, 249 p. | ||
| 590 |
_aBATCH-UPD _b05 _c20140123 _lUCH01 _h1031 |
||
| 590 |
_aE792CSJ _b05 _c20140123 _lUCH01 _h1030 |
||
| 650 | 1 | 4 |
_aGeneración de energía fotovoltaica. _9125220 |
| 901 | _aBK | ||
| 942 | _cLIBRO | ||
| 942 | _n0 | ||
| 999 |
_c104757 _d104757 |
||